| 000 | 01318nam0a22002651 4500 | ||
|---|---|---|---|
| 001 | rc\3545568 | ||
| 005 | 20130115144713.7 | ||
| 021 |
_aRU _b[70-22479] |
||
| 035 | _a(NLR Aleph) 007672696 | ||
| 090 |
_a6451767 _c6451767 |
||
| 100 | _a20130115g19691970|||y0rusy50 ca | ||
| 101 | 0 | _arus | |
| 102 | _aRU | ||
| 105 | _aa z ||||| | ||
| 200 | 1 |
_aВопросы эксплуатации и надежности строительных машин _eСборник статей _f[Науч. редактор инж. К.Н. Касицына] _gГосстрой СССР. Центр. науч.-исслед. и проектно-эксперим. ин-т организации, механизации и техн. помощи строительству. ЦБТИ |
|
| 210 |
_aМосква _cСтройиздат _d1969 [вып. дан. 1970] |
||
| 215 |
_a25 с. _cчерт. _d21 |
||
| 606 |
_aСтроительные машины _xЭксплуатация _jСборники _2psbo |
||
| 702 | 1 |
_aКасицына _bК. Н. _4340 |
|
| 712 | 0 | 2 |
_aНауч.-исслед. ин-т организации, механизации и техн. помощи строительству _cМосква _3RU\NLR\AUTH\886864 |
| 801 | 0 |
_aRU _bNLR _gpsbo |
|
| 801 | 1 |
_aRU _bELAR _2rusmarc |
|
| 852 |
_aNLR _j70-6/1535 |
||
| 942 | _cBOOK | ||
| 980 | _aNB | ||